|
|
|
|
| LEADER |
02665nam a22004695i 4500 |
| 001 |
978-3-319-43087-4 |
| 003 |
DE-He213 |
| 005 |
20171220021329.0 |
| 007 |
cr nn 008mamaa |
| 008 |
161031s2017 gw | s |||| 0|eng d |
| 020 |
|
|
|a 9783319430874
|9 978-3-319-43087-4
|
| 024 |
7 |
|
|a 10.1007/978-3-319-43087-4
|2 doi
|
| 040 |
|
|
|d GrThAP
|
| 050 |
|
4 |
|a RC870-923.2
|
| 050 |
|
4 |
|a RC875-899.5
|
| 072 |
|
7 |
|a MJS
|2 bicssc
|
| 072 |
|
7 |
|a MED088000
|2 bisacsh
|
| 082 |
0 |
4 |
|a 616.6
|2 23
|
| 245 |
1 |
0 |
|a Underactive Bladder
|h [electronic resource] /
|c edited by Christopher R. Chapple, Alan J. Wein, Nadir I. Osman.
|
| 264 |
|
1 |
|a Cham :
|b Springer International Publishing :
|b Imprint: Springer,
|c 2017.
|
| 300 |
|
|
|a XIII, 89 p. 1 illus. in color.
|b online resource.
|
| 336 |
|
|
|a text
|b txt
|2 rdacontent
|
| 337 |
|
|
|a computer
|b c
|2 rdamedia
|
| 338 |
|
|
|a online resource
|b cr
|2 rdacarrier
|
| 347 |
|
|
|a text file
|b PDF
|2 rda
|
| 505 |
0 |
|
|a 1. Pathophysiology and Associations -- 2. Non-invasive diagnostics for Detrusor underactivity/Underactive bladder -- 3. Invasive Diagnostic Tests -- 4. Epidemiology of Underactive Bladder -- 5. Indications For Treatment -- 6. Pharmacologic Treatment of Underactive Bladder -- 7. Surgical Treatment : Outlet Reduction , Men and Women -- 8. Neurostimulation and Neuromodulation for the Treatment for the Underactive Bladder -- 9. Reduction Cystoplasty -- 10. Bladder Wrap Procedures -- 11. Tissue Engineering and cell therapy for underactive bladder: current and future approaches -- 12. Reflections and the Way Forward.
|
| 520 |
|
|
|a In this book, the authors look at the field of underactive bladder and its presentation, clinical diagnosis, potential etiopathogenesis and treatment. While the editors address a great deal of background information, they clearly identify that many limitations still exist to clinical diagnosis and urodynamic evaluation, and in particular a dearth of appropriate treatment options. This complex condition needs to be recognized and identified in the routine evaluation and clinical management of patients.
|
| 650 |
|
0 |
|a Medicine.
|
| 650 |
|
0 |
|a Rectum
|x Surgery.
|
| 650 |
|
0 |
|a Urology.
|
| 650 |
1 |
4 |
|a Medicine & Public Health.
|
| 650 |
2 |
4 |
|a Urology.
|
| 650 |
2 |
4 |
|a Colorectal Surgery.
|
| 700 |
1 |
|
|a Chapple, Christopher R.
|e editor.
|
| 700 |
1 |
|
|a Wein, Alan J.
|e editor.
|
| 700 |
1 |
|
|a Osman, Nadir I.
|e editor.
|
| 710 |
2 |
|
|a SpringerLink (Online service)
|
| 773 |
0 |
|
|t Springer eBooks
|
| 776 |
0 |
8 |
|i Printed edition:
|z 9783319430850
|
| 856 |
4 |
0 |
|u http://dx.doi.org/10.1007/978-3-319-43087-4
|z Full Text via HEAL-Link
|
| 912 |
|
|
|a ZDB-2-SME
|
| 950 |
|
|
|a Medicine (Springer-11650)
|